Fundamental of Sociology of Education With Reference to Africa (Record no. 282)

MARC details
005 - DATE AND TIME OF LATEST TRANSACTION
control field 20250310140326.0
020 ## - INTERNATIONAL STANDARD BOOK NUMBER
International Standard Book Number 996684681-6
082 ## - DEWEY DECIMAL CLASSIFICATION NUMBER
Classification number 301 KIB
100 ## - MAIN ENTRY--PERSONAL NAME
Author name KIBERA, L.W.
245 ## - TITLE STATEMENT
Title Fundamental of Sociology of Education With Reference to Africa
260 ## - PUBLICATION, DISTRIBUTION, ETC.
Place of publication, distribution, etc. Nairobi,
Name of publisher, distributor, etc. University of Nairobi Press,
Date of publication, distribution, etc. 2007.
300 ## - PHYSICAL DESCRIPTION
Extent xii,203p.: ill.; table.
Other physical details Glossary, index.
Dimensions 21cm.
700 ## - ADDED ENTRY--PERSONAL NAME
Other authors/Editors KIMOKOTI, A.
856 ## - ELECTRONIC LOCATION AND ACCESS
Link text Access online book
Electronic name Sociology
Path www.starbright.co.ke
942 ## - ADDED ENTRY ELEMENTS (KOHA)
Source of classification or shelving scheme Dewey Decimal Classification
Koha item type Books
Holdings
Date last seen Total checkouts Full call number Barcode Cost, replacement price Price effective from Koha item type Lost status Source of classification or shelving scheme Damaged status Not for loan Withdrawn status Home library Current library Shelving location Date acquired Cost, normal purchase price
03/10/2025   301.44 KIB 0000001015 325974.00 03/10/2025 Books   Dewey Decimal Classification       College of Business Education Main Library College of Business Education Main Library General Collection 03/10/2025 108658.00
03/10/2025   301.44 KIB 0000001027 325974.00 03/10/2025 Books   Dewey Decimal Classification       College of Business Education Main Library College of Business Education Main Library Special Reserve Collection 03/10/2025 108658.00
03/10/2025   301.44 KIB 0000001028 325974.00 03/10/2025 Books   Dewey Decimal Classification       College of Business Education Main Library College of Business Education Main Library General Collection 03/10/2025 108658.00
03/10/2025   301.44 KIB 0000001031 325974.00 03/10/2025 Books   Dewey Decimal Classification       College of Business Education Main Library College of Business Education Main Library General Collection 03/10/2025 108658.00
03/10/2025   301.44 KIB 0000001032 325974.00 03/10/2025 Books   Dewey Decimal Classification       College of Business Education Main Library College of Business Education Main Library General Collection 03/10/2025 108658.00